1503 1122 1137 1047 1374 1796 1869 1911 1783 1335 1349 1658 1704 1026 1018 1667 1438 1864 1144 1437 1242 1150 1697 1986 1897 1164 1963 1026 1387 1545 1031 1927 1002 1044 1701 1665 1715 1054 1876 1892 1360 1019 1879 1988 1098 1670 1746 1599 1385 1895 1125 1029 1375 1251 1123 1024 1198 1806 1088 1342 1326 1316 1607 1820 1559 1078 1273 1524 1192 1899 1919 1800 1967 1194 1398 1241 1547 1796 1472 1146 1329 1715 1333 1250 1013 1842 1072 1049 1246 1093 1780 1368 1893 1481 1780 1395 1852 1712 1348 BCNSPRNW ULIB Ver.6.0+V

เปลี่ยนเป็นภาษาไทย

Change to English
 แสดงรายละเอียดบรรณานุกรม
  กลับหน้าหลัก

Brief Record : Get Marc (ISO 2709) : E-mail record : QR code < ปิดหน้าต่าง
LEADER : 00000nam 2200000uu 4500
001    13399114321
003     ULIB
008    120321s2552||||th 000 0 tha d
020    ^a9786160600120
090    ^aนว.^bป652L 2552
100 0  ^aPoOkKii
245 00 ^aLapis Lazuli ภารกิจเสิร์ฟรักจากดวงดาว/^cPoOkKii
250    ^aพิมพ์ครั้งที่ 1
260    ^aกรุงเทพฯ :^bแจ่มใส,^c2552
300    ^a173 หน้า
710 1  ^aแจ่มใส
945    ^p139^l0^i16301
995    ^aกัณชพร
999    ^aใช้งานได้ทุกระบบ
รายการนี้ยังไม่มีแท็ก
คุณยังไม่ได้ล็อกอิน คุณสามารถมีกิจกรรมร่วมกับเว็บไซต์ได้ แต่ต้องล็อกอินก่อน ::
  ล็อกอิน

รายการสื่อสารสนเทศ

ลำดับที่ ประเภท เลขเรียก/บาร์โค้ด สถานที่ สถานะ
1. นวนิยาย
นวนิยาย
นว. ป652L 2552  
  Barcode: 16301
ห้องสมุดวิทยาเขตสวรรค์ประชารักษ์
►นวนิยาย
บนชั้น
  ขอยืม

BibComment


ยังไม่เคยถูกคอมเมนท์

คอมเมนท์ทรัพยากรรายการนี้
  คอมเมนท์: Lapis Lazuli ภาร..


 Copyright 2026. Bcnsprnw @Library